| 000 | 00598nam a2200217Ia 4500 | ||
|---|---|---|---|
| 003 | OSt | ||
| 005 | 20230315180336.0 | ||
| 008 | 221021s9999||||xx |||||||||||||| ||und|| | ||
| 020 | _a9780324259940 | ||
| 040 | _cChuka University Library | ||
| 050 |
_aHD 31 _b.H45 2005 |
||
| 100 |
_aHellriegel,Don _9422 |
||
| 245 | 0 | _aManagement:A competency based approach/ | |
| 250 | _a10th | ||
| 260 |
_aBoulerand _bThomson _c2005 |
||
| 300 |
_a524 P. _bIncludes References And index Pages |
||
| 650 |
_amanagement _92569 |
||
| 700 |
_aJaction, S. E. _98852 |
||
| 700 |
_aSiocum, J.W. _98853 |
||
| 942 |
_cBK _2lcc |
||
| 999 |
_c327 _d327 |
||